MARC details
| 000 -LEADER |
| fixed length control field |
02618cam a2200445 i 4500 |
| 001 - CONTROL NUMBER |
| control field |
11451420 |
| 003 - CONTROL NUMBER IDENTIFIER |
| control field |
ARRUPE |
| 005 - DATE AND TIME OF LATEST TRANSACTION |
| control field |
20150807142308.0 |
| 008 - FIXED-LENGTH DATA ELEMENTS--GENERAL INFORMATION |
| fixed length control field |
140801t20152015ilua b 001 0 eng c |
| 010 ## - LIBRARY OF CONGRESS CONTROL NUMBER |
| LC control number |
2014030670 |
| 020 ## - INTERNATIONAL STANDARD BOOK NUMBER |
| International Standard Book Number |
9780226235059 (cloth : alk. paper) |
| 020 ## - INTERNATIONAL STANDARD BOOK NUMBER |
| International Standard Book Number |
022623505X (cloth : alk. paper) |
| 020 ## - INTERNATIONAL STANDARD BOOK NUMBER |
| International Standard Book Number |
9780226235196 (pbk. : alk. paper) |
| 020 ## - INTERNATIONAL STANDARD BOOK NUMBER |
| International Standard Book Number |
022623519X (pbk. : alk. paper) |
| 020 ## - INTERNATIONAL STANDARD BOOK NUMBER |
| Cancelled/invalid ISBN |
9780226235226 (e-book) |
| 024 ## - OTHER STANDARD IDENTIFIER |
| Standard number or code |
40024874968 |
| 035 ## - SYSTEM CONTROL NUMBER |
| System control number |
(OCoLC)ocn883646994 |
| 035 ## - SYSTEM CONTROL NUMBER |
| System control number |
(OCoLC)883646994 |
| 040 ## - CATALOGING SOURCE |
| Original cataloging agency |
ICU/DLC |
| Language of cataloging |
eng |
| Description conventions |
rda |
| Transcribing agency |
STF |
| Modifying agency |
CGU |
| -- |
DLC |
| -- |
YDXCP |
| -- |
BTCTA |
| -- |
BDX |
| -- |
OCLCF |
| -- |
HTM |
| -- |
COO |
| -- |
CDX |
| 042 ## - AUTHENTICATION CODE |
| Authentication code |
pcc |
| 043 ## - GEOGRAPHIC AREA CODE |
| Geographic area code |
f-rh--- |
| 050 00 - LIBRARY OF CONGRESS CALL NUMBER |
| Classification number |
DT2981 |
| Item number |
.W45 2015 |
| 082 00 - DEWEY DECIMAL CLASSIFICATION NUMBER |
| Classification number |
968.91/04 |
| Edition number |
23 |
| 300 ## - PHYSICAL DESCRIPTION |
| Other physical details |
illustrations ; |
| Dimensions |
23 cm |
| 100 1# - MAIN ENTRY--PERSONAL NAME |
| Personal name |
White, Luise, |
| Relator term |
author. |
| 9 (RLIN) |
11034 |
| 245 10 - TITLE STATEMENT |
| Title |
Unpopular sovereignty : |
| Remainder of title |
Rhodesian independence and African decolonization / |
| Statement of responsibility, etc |
Luise White. |
| 260 ## - PUBLICATION, DISTRIBUTION, ETC. (IMPRINT) |
| Place of publication, distribution, etc |
Chicago |
| Name of publisher, distributor, etc |
The University of Chicago Pree |
| Date of publication, distribution, etc |
2015 |
| 300 ## - PHYSICAL DESCRIPTION |
| Extent |
xvi, 343 pages : |
| 504 ## - BIBLIOGRAPHY, ETC. NOTE |
| Bibliography, etc |
Includes bibliographical references (pages 315-334) and index. |
| 505 0# - FORMATTED CONTENTS NOTE |
| Formatted contents note |
"The last good white man left": Rhodesia, Rhonasia, and the decolonization of British Africa -- "Racial representation of the worst type": the 1957 Franchise Commission, citizenship, and the problem of polygyny -- "European opinion and African capacities": the life and times of the 1961 Constitution -- "A rebellion by a population the size of Portsmouth": the status of Rhodesia's independence, 1965-1969 -- "A James Bond would be truly at home": sanctions and sanctions busters -- "Politics as we know the term": tribes, chiefs, and the 1969 Constitution -- "Other peoples' sons": conscription, citizenship, and families, 1970-1980 -- "Why come now and ask us for our opinion?": the 1972 Pearce Commission and the African National Council -- "Your vote means peace": the making and the unmaking of the internal settlement, 1975-1979 -- "Lancaster House was redundant": constitutions, citizens, and the frontline presidents -- "Adequate and acceptable": the 1980 election and the idea of decolonization -- "People such as ourselves": Rhodesia, Rhonasia, and the history of Zimbabwe. |
| 648 #7 - SUBJECT ADDED ENTRY--CHRONOLOGICAL TERM |
| Chronological term |
1890 - 1980 |
| Source of heading or term |
fast |
| 9 (RLIN) |
18571 |
| 650 #0 - SUBJECT ADDED ENTRY--TOPICAL TERM |
| Topical term or geographic name as entry element |
Decolonization |
| Geographic subdivision |
Zimbabwe. |
| 9 (RLIN) |
18572 |
| 650 #7 - SUBJECT ADDED ENTRY--TOPICAL TERM |
| Topical term or geographic name as entry element |
Decolonization. |
| Source of heading or term |
fast |
| 9 (RLIN) |
9993 |
| 651 #0 - SUBJECT ADDED ENTRY--GEOGRAPHIC NAME |
| Geographic name |
Zimbabwe |
| General subdivision |
History |
| Chronological subdivision |
1965-1980. |
| 9 (RLIN) |
6298 |
| 651 #0 - SUBJECT ADDED ENTRY--GEOGRAPHIC NAME |
| Geographic name |
Zimbabwe |
| General subdivision |
History. |
| 9 (RLIN) |
9704 |
| 651 #0 - SUBJECT ADDED ENTRY--GEOGRAPHIC NAME |
| Geographic name |
Zimbabwe |
| General subdivision |
History |
| Chronological subdivision |
1890-1965. |
| 9 (RLIN) |
18573 |
| 651 #7 - SUBJECT ADDED ENTRY--GEOGRAPHIC NAME |
| Geographic name |
Zimbabwe. |
| Source of heading or term |
fast |
| 9 (RLIN) |
9210 |
| 655 #7 - INDEX TERM--GENRE/FORM |
| Genre/form data or focus term |
History. |
| Source of term |
fast |
| 9 (RLIN) |
12337 |
| 942 ## - ADDED ENTRY ELEMENTS (KOHA) |
| Source of classification or shelving scheme |
Library of Congress Classification |
| Koha item type |
Monograph ( Printed materials) |
| 948 1# - LOCAL PROCESSING INFORMATION (OCLC); SERIES PART DESIGNATOR (RLIN) |
| Series part designator, SPT (RLIN) |
20150727 |
| b (OCLC) |
c |
| c (OCLC) |
as2107 |
| d (OCLC) |
MPS |